Uwumbor Aagban Likpakpaaln. (Record no. 40158)
[ view plain ]
| 000 -LEADER | |
|---|---|
| fixed length control field | 00741nam a22002291a 4500 |
| 003 - CONTROL NUMBER IDENTIFIER | |
| control field | OSt |
| 005 - DATE AND TIME OF LATEST TRANSACTION | |
| control field | 20110915150653.0 |
| 008 - FIXED-LENGTH DATA ELEMENTS--GENERAL INFORMATION | |
| fixed length control field | 091005s1997 ilu 001 0 eng d |
| 020 ## - INTERNATIONAL STANDARD BOOK NUMBER | |
| Terms of availability | 0.00 |
| 040 ## - CATALOGING SOURCE | |
| Original cataloging agency | NEGST Library - Kenya |
| Language of cataloging | DLC |
| Transcribing agency | DLC |
| Modifying agency | DLC |
| 050 #4 - LIBRARY OF CONGRESS CALL NUMBER | |
| Classification number | BS 325 |
| Item number | .K66 1997 |
| 100 1# - MAIN ENTRY--PERSONAL NAME | |
| Personal name | Bible League. |
| 9 (RLIN) | 7959 |
| 245 10 - TITLE STATEMENT | |
| Title | Uwumbor Aagban Likpakpaaln. |
| 260 ## - PUBLICATION, DISTRIBUTION, ETC. (IMPRINT) | |
| Place of publication, distribution, etc | South Holland, IL : |
| Name of publisher, distributor, etc | Bible League, |
| Date of publication, distribution, etc | 1997. |
| 300 ## - PHYSICAL DESCRIPTION | |
| Extent | 1863 p. : ill., |
| 500 ## - GENERAL NOTE | |
| General note | "The Bible in Konkomba, Ghana." - T.p. verso. [Africana] |
| 600 10 - SUBJECT ADDED ENTRY--PERSONAL NAME | |
| Personal name | Konkomba language - Texts. |
| 9 (RLIN) | 10148 |
| 600 10 - SUBJECT ADDED ENTRY--PERSONAL NAME | |
| Personal name | Bible. Konkomba. 1997. |
| 9 (RLIN) | 10149 |
| 700 1# - ADDED ENTRY--PERSONAL NAME | |
| Personal name | Ghana Institute of Linguistics, Literacy. |
| 942 ## - ADDED ENTRY ELEMENTS (KOHA) | |
| Source of classification or shelving scheme | Library of Congress Classification |
| Koha item type | Reference |
| Withdrawn status | Lost status | Source of classification or shelving scheme | Damaged status | Not for loan | Collection code | Home library | Current library | Shelving location | Date acquired | Source of acquisition | Full call number | Barcode | Date last seen | Copy number | Price effective from | Koha item type |
|---|---|---|---|---|---|---|---|---|---|---|---|---|---|---|---|---|
| Library of Congress Classification | Reference | AIU/NEGST - Tony Wilmot Memorial Library | AIU/NEGST - Tony Wilmot Memorial Library | Reference | 10/05/2009 | Donation | REF BS 325.K66 1997 | R49031F3232 | 09/26/2019 | 1 | 10/05/2009 | Africana collection ( Reference) |
